000 00806nam a22002537a 4500
005 20170123162313.0
010 _aB-052016
020 _c35.00
035 _aB-052016
037 _bCen Lib/Ret
040 _aDPL
_bUR
082 _aک
_bم ت ر
100 _aمترا پھوکن
_9112799
245 _aسرگرمیاں /
_cمترا پھوکن ؛ ترجمہ سید ظفر السلام
246 _aSargarmiyan /
_bby Mitra Phokan ; tarjuma Sayyed Zafar Alislam
260 _bچلڈرن بک ٹرسٹ
300 _a167p.
_c21cm(pbk)
650 _aاردو ادب
_9112800
650 _aارد و افسانے
_9112801
650 _aUrdu literature
_9112802
650 _aUrdu stories
_9112803
700 _a سید ظفر السلام
_953613
942 _2ddc
_cUR
_hک
_mم ت ر
999 _c106517
_d106517